| 000 | 00661nas a2200217 i 4500 | ||
|---|---|---|---|
| 001 | 2649 | ||
| 003 | ES-MaACL | ||
| 005 | 20250709062527.0 | ||
| 007 | t| | ||
| 008 | 950801c1896 phl | | 1 ||pa d | ||
| 080 | _a(059) | ||
| 245 | 0 | 0 |
_aAlmanaque del Diario de Manila para el año del señor 1897 / _credactado por un prebendado de la santa iglesia metropolitana de Manila. |
| 260 |
_aManila : _b[s.n.], _c1896 ( _fEst. tipo-litográfico de Ramírez) |
||
| 300 |
_a[50] p. ; _c21 cm. |
||
| 310 | _aAnual | ||
| 500 | _aEn la cubierta: año 19º. | ||
| 852 |
_aES-MaACL _jT-750-F-4 |
||
| 866 | 0 | _o1897. | |
| 942 |
_2udc _cPERIODICA |
||
| 999 |
_c2649 _d2649 |
||